Normal view MARC view

Entry Personal Name

Number of records used in: 2

001 - CONTROL NUMBER

  • control field: 22845

003 - CONTROL NUMBER IDENTIFIER

  • control field: dpl

005 - DATE AND TIME OF LATEST TRANSACTION

  • control field: 20101005142820.0

008 - FIXED-LENGTH DATA ELEMENTS

  • fixed length control field: 101005|||a|||||| | ||| d

040 ## - CATALOGING SOURCE

  • Original cataloging agency: dpl
  • Transcribing agency: dpl

100 ## - HEADING--PERSONAL NAME

  • Personal name: द्रौगोमान, जॉर्ज

670 ## - SOURCE DATA FOUND

  • Source citation: Work cat.: (dpl)34319: द्रौगोमान, जॉर्ज, सफ़ेद बादशाह /, 2010

670 ## - SOURCE DATA FOUND

  • Source citation: Work cat.: (dpl)34319: द्रौगोमान, जॉर्ज, सफ़ेद बादशाह /, 2010

© Delhi Public Library
Hit Counter
free hit counter